Toward More Effective Redistribution : Reform Options for Intergovernmental Transfers in China.

Full implementation of an intergovernmental transfer system based on revenue capacities and expenditure needs could significantly improve both redistribution and equity objectives of the Chinese authorities. This was envisaged in the 1994 fiscal reforms, but the authorities were unable to implement...

Ful tanımlama

Detaylı Bibliyografya
Müşterek Yazar: International Monetary Fund
Materyal Türü: Dergi
Dil:English
Baskı/Yayın Bilgisi: Washington, D.C. : International Monetary Fund, 2004.
Seri Bilgileri:IMF Working Papers; Working Paper ; No. 2004/098
Online Erişim:Full text available on IMF
LEADER 01467cas a2200241 a 4500
001 AALejournalIMF008613
008 230101c9999 xx r poo 0 0eng d
020 |c 5.00 USD 
020 |z 9781451852172 
022 |a 1018-5941 
040 |a BD-DhAAL  |c BD-DhAAL 
110 2 |a International Monetary Fund. 
245 1 0 |a Toward More Effective Redistribution :   |b Reform Options for Intergovernmental Transfers in China. 
264 1 |a Washington, D.C. :  |b International Monetary Fund,  |c 2004. 
300 |a 1 online resource (27 pages) 
490 1 |a IMF Working Papers 
500 |a <strong>Off-Campus Access:</strong> No User ID or Password Required 
500 |a <strong>On-Campus Access:</strong> No User ID or Password Required 
506 |a Electronic access restricted to authorized BRAC University faculty, staff and students 
520 3 |a Full implementation of an intergovernmental transfer system based on revenue capacities and expenditure needs could significantly improve both redistribution and equity objectives of the Chinese authorities. This was envisaged in the 1994 fiscal reforms, but the authorities were unable to implement the measures fully. This paper examines mechanisms that might facilitate effective implementation. 
538 |a Mode of access: Internet 
830 0 |a IMF Working Papers; Working Paper ;  |v No. 2004/098 
856 4 0 |z Full text available on IMF  |u http://elibrary.imf.org/view/journals/001/2004/098/001.2004.issue-098-en.xml  |z IMF e-Library